Questions-réponses sur Tahiti - Statistiques

Statistiques générales
  • Ce quiz a été pris 365 fois
  • Le résultat moyen est 10 sur 20
Statistiques - réponses
Questions Réponses % Correct
Océan dans lequel baigne Tahiti. L'Océan Pacifique
99%
Devise monétaire qui circule à Tahiti. Le franc CFP
84%
Collectivité d'outre-mer française composée de cinq archipels, collectivité qui comprend l'île de Tahiti. La Polynésie française
82%
Chef-lieu administratif de cet archipel (réponse #3) et capitale de la collectivité d'outre-mer (réponse #2), situé sur l'île de Tahiti. Papeete
78%
Structure naturelle bioconstruite, formée par des animaux marins de mers chaudes qui sécrètent un squelette calcaire (polypier), de couleur rouge ou blanche. Tahiti est partiellement entourée par une telle structure. Une barrière de corail
73%
Archipel dont fait partie Tahiti. Les îles de la Société
66%
Groupe composé de quatre îles "hautes" (dont Tahiti) et d'un atoll (Tetiaroa) : les Îles du ___. Vent
66%
Produit de beauté obtenu par la macération de fleurs de tiaré tahiti dans de l'huile de coprah raffinée. À l'exportation et afin de répondre aux exigences réglementaires et à l'industrie cosmétique, on retrouve presque exclusivement celui de Tahiti. Le monoï
65%
Explorateur britannique et grand cartographe qui débarqua à Tahiti en 1769, 1773 et 1777. James Cook
57%
Sport de course tahitien en pirogue à balancier. Le terme signifie "bateau" ou "canoé" en tahitien, samoan ou hawaïen. Le va'a
53%
Artiste-peintre postimpressionniste français qui vécut à Tahiti entre 1891 et 1901. Paul Gauguin
52%
Île du groupe précédent située à dix-sept kilomètres à l'ouest-nord-ouest de Tahiti où vit le navigateur Olivier de Kersauson. Moorea
50%
Pays dont sont originaires les premiers Chrétiens (catholiques) ayant débarqué à Tahiti (de 1772 à 1776). L'Espagne
32%
Chanteur belge qui faisait régulièrement l'aller-retour entre les Îles Marquises et Tahiti à bord de son avion Jojo, pour transporter des malades afin qu'ils fussent hospitalisés, par exemple. Jacques Brel
31%
Frégate britannique commandée par le capitaine William Bligh qui débarqua à Tahiti en 1788. C'est sur ce navire qu'éclata une mutinerie, trois semaines après le départ de la frégate de Tahiti, mutinerie romancée dans deux films hollywoodiens bien loin de la réalité historique (l'un avec Clark Gable, l'autre avec Marlon Brando) et dans un film britannique (avec Anthony Hopkins et Mel Gibson). Le Bounty
28%
Explorateur français, ancien aide-de-camp du Marquis de Montcalm au Canada, pendant la Guerre de Sept ans (1754-1760), qui accosta à Tahiti en 1768. Louis-Antoine de Bougainville
28%
La mission du capitaine Bligh vers Tahiti évoquée à la question précédente consistait, sur les conseils du naturaliste imbu des idées des "Lumières", Joseph Banks, à ramener l'arbre à pain vers les Antilles britanniques afin d'y assurer à bas coût la subsistance des ______ noirs. Esclaves
26%
Explorateur britannique qui découvrit Tahiti en 1767. Il donne son nom à l'une des îles principales d'une autre collectivité d'outre-mer, relativement proche de Tahiti. Samuel Wallis
20%
Acteur qui tenait le rôle principal dans deux films dont des scènes ont été tournées à Tahiti, "Tendre voyou" de Jean Becker (1966) et "Itinéraire d'un enfant gâté" de Claude Lelouch (1988). Jean-Paul Belmondo
13%
Congrégation cléricale de droit pontifical approuvée par Pie VII en 1817, congrégation dont firent partie les Pères Honoré Laval et François Caret, tous deux expulsés de Tahiti par le missionnaire protestant britannique George Pritchard, en 1836, ce qui provoqua la réaction de la France et la mise en place du protectorat français puis l'annexion par la France bien des années plus tard. La congrégation de Picpus - La congrégation des Sacrés-Cœurs de Jésus et de Marie
2%
Aucun quiz correspondant
Distribution des résultats
% des personnes avec chaque résultat
Percentile par nombre de réponses
Votre historique - résultats
Vous n’avez pas pris ce quiz